000 00510nam a2200181Ia 4500
005 20250326123954.0
008 250326s9999 xx 000 0 und d
037 _aTextbook
040 _aFMSL
_beng
_cFMSL
041 _aeng
_2eng
084 _aV448 L8
_qFMSL
100 _aDey B K
_9736527
245 0 _aBureaucracy, development and public management in India
_cDey B K
260 _aNew Delhi
_bNew Delhi, Uppal
_c1978
300 _a334p
942 _cTB
_hV448 L8
999 _c1271708
_d1271708